[Event "Let's Play Chess!"]
[Site "http://www.queenalice.com/game.php?id=411128"]
[Date "2008.6.1"]
[Round "-"]
[White "vanhoute"]
[Black "Warrior_Brother"]
[Result "0-1"]
[WhiteElo "1714"]
[BlackElo "1500"]

1. e4 e5 2. Nf3 Nc6 3. Bb5 Nf6 4. Bxc6 bxc6 5. O-O d5 6. exd5 cxd5 7. Nxe5 Bc5
8. d4 Bb6 9. Bg5 O-O 10. Nc6 Qd6 11. Bxf6 Qxf6 12. Nb4 Be6 13. c3 a5 14. Nc6
Rfe8 15. Ne5 Qg5 16. f4 Qh6 17. Nd2 f6 18. Ng4 Qg6 19. h3 h5 20. Nf2 Bd7 21. Nb3
Re3 22. Re1 Bxh3 23. Nxh3 Rxh3 24. Nc5 c6 25. Qe2 Bc7 26. Qf2 Rg3 27. Ne6 Bd6
28. Re3 Rxe3 29. Qxe3 Re8 30. Rf1 Kf7 31. f5 Qg4 32. Qf3 Qh4 33. Qh3 Qxh3 34.
gxh3 g6 35. Re1 gxf5 36. Ng5+ fxg5 37. Rxe8 Kxe8 38. Kg2 f4 39. Kf3 Ke7 40. b3
Kf6 41. c4 Kf5 42. c5 Be7 43. a3 g4+ 44. hxg4+ hxg4+ 45. Ke2 Ke4 46. b4 axb4 47.
axb4 g3 0-1

[Event "Let's Play Chess!"]
[Site "http://www.queenalice.com/game.php?id=411311"]
[Date "2008.6.1"]
[Round "-"]
[White "quebec"]
[Black "Warrior_Brother"]
[Result "1/2-1/2"]
[WhiteElo "1627"]
[BlackElo "1880"]

1. e4 e5 2. Nf3 Nc6 3. Bb5 Bc5 4. Bxc6 bxc6 5. O-O d5 6. exd5 cxd5 7. Nxe5 Nf6
8. Re1 O-O 9. d4 Bb4 10. c3 Bd6 11. Bg5 Be7 12. Nc6 Bg4 13. Nxe7+ Qxe7 14. Rxe7
Bxd1 15. Bxf6 gxf6 16. Na3 Bh5 17. Rxc7 Rfe8 18. f3 Bg6 19. Nb5 a6 20. Na3 Re2
21. b3 Bd3 22. c4 dxc4 23. Nxc4 Bxc4 24. bxc4 Rc2 25. d5 Rb8 26. d6 Kf8 27. c5
Rd2 28. d7 Ke7 29. c6 Kd8 30. Ra7 Rc2 31. Rxa6 Kc7 32. Rd1 Rd8 33. a4 Rxc6 34.
Rxc6+ Kxc6 35. g4 Rxd7 36. Ra1 Ra7 37. Kg2 Ra5 38. Kg3 Kd5 39. f4 Ke4 40. h4 h6
41. f5 Ke5 42. Kf3 Kd4 43. Kf4 Kd5 44. Rd1+ Kc6 45. Rd4 Re5 46. Re4 Ra5 47. g5
fxg5+ 48. hxg5 hxg5+ 49. Kxg5 Kd6 50. Kf6 Ra7 51. Kg7 Kd5 52. Rb4 Kd6 53. f6 Ke6
54. Re4+ Kd6 55. Rb4 Ke6 1/2-1/2

[Event "Let's Play Chess!"]
[Site "http://www.queenalice.com/game.php?id=411316"]
[Date "2008.6.1"]
[Round "-"]
[White "quebec"]
[Black "Warrior_Brother"]
[Result "0-1"]
[WhiteElo "1627"]
[BlackElo "1807"]

1. e4 e5 2. Nf3 Nc6 3. Bb5 f5 4. Bxc6 dxc6 5. Nc3 Nf6 6. O-O fxe4 7. Nxe4 Nxe4
8. Nxe5 Qf6 9. Ng4 Qg6 10. Re1 Bxg4 11. Rxe4+ Qxe4 12. f3 Qd4+ 13. Kh1 Bh5 14.
Qe2+ Kf7 15. c3 Re8 16. Qxe8+ Kxe8 17. cxd4 Bb4 18. a3 Ba5 19. g4 Bg6 20. b4 Bb6
21. Bb2 Kf7 22. Re1 Re8 23. Rxe8 Kxe8 24. Kg2 Ke7 25. Kf2 Kd6 26. Ke3 Kd5 27. d3
a5 28. h3 h5 29. Ba1 axb4 30. axb4 hxg4 31. hxg4 Ba7 32. Bc3 b6 33. Bb2 c5 34.
bxc5 bxc5 35. f4 cxd4+ 36. Kf3 Bxd3 37. f5 Ke5 38. Ba3 Bb6 39. Bf8 Be4+ 40. Kg3
Kf6 41. Kf4 Bc2 42. g5+ Kf7 43. Bb4 c5 44. Bd2 c4 45. Ke5 c3 46. g6+ Ke7 47.
Bg5+ Kf8 48. f6 gxf6+ 49. Kxf6 d3 50. Bh6+ Kg8 0-1

[Event "Let's Play Chess!"]
[Site "http://www.queenalice.com/game.php?id=428074"]
[Date "2008.7.7"]
[Round "-"]
[White "Warrior_Brother"]
[Black "GreyRaven"]
[Result "1-0"]
[WhiteElo "1962"]
[BlackElo "1799"]

1. e4 d6 2. d4 g6 3. Nc3 Nf6 4. f4 Bg7 5. Nf3 O-O 6. e5 Nfd7 7. Bc4 Nb6 8. Bb3
Nc6 9. O-O Bf5 10. Kh1 dxe5 11. fxe5 e6 12. Bg5 Qd7 13. Nh4 Qxd4 14. Nxf5 exf5
15. e6 Qg4 16. exf7+ Kh8 17. Qxg4 fxg4 18. Bf6 Bxf6 19. Rxf6 Nd4 20. Nd5 Nxb3
21. Nxb6 axb6 22. cxb3 Kg7 23. Rf4 h5 24. a4 Rxf7 25. g3 Rxf4 26. gxf4 Kf6 27.
Rc1 c5 28. Kg2 Re8 29. Kf2 Kf5 30. Rd1 Re6 31. Rd7 Kxf4 32. Rxb7 g5 33. Rf7+ Ke4
34. Rg7 Rf6+ 35. Ke2 Rf5 36. Rg6 Kd4 37. Rxb6 h4 38. b4 g3 39. hxg3 hxg3 40.
bxc5 g2 41. Rb4+ Kd5 42. Rg4 Kxc5 43. Ke3 Kb6 44. Rxg2 Ka5 45. Rg4 Re5+ 46. Kd3
Rd5+ 47. Kc4 Rf5 48. Kb3 Rf3+ 49. Ka2 1-0

[Event "Let's Play Chess!"]
[Site "http://www.queenalice.com/game.php?id=428943"]
[Date "2008.7.7"]
[Round "-"]
[White "Warrior_Brother"]
[Black "sioux"]
[Result "1-0"]
[WhiteElo "1952"]
[BlackElo "1629"]

1. e4 c5 2. Nf3 d6 3. d4 Na6 4. Bxa6 bxa6 5. O-O Nf6 6. Nc3 e6 7. Bg5 Be7 8. Qe2
O-O 9. Rad1 h6 10. Bh4 d5 11. dxc5 Bxc5 12. e5 Be7 13. exf6 Bxf6 14. Bg3 Qb6 15.
Ne5 Qxb2 16. Rd3 Rb8 17. f4 a5 18. f5 Ba6 19. fxe6 fxe6 20. Nd7 Bxc3 21. Nxf8
Rxf8 22. Rxf8+ Kxf8 23. Qf3+ Bf6 24. Rb3 Qc1+ 25. Kf2 Qxc2+ 26. Ke3 Qc1+ 27. Kf2
Qd2+ 28. Kg1 Ke7 29. h3 Bd4+ 30. Kh2 Qc1 31. h4 Qa1 32. Qf4 h5 33. Qd6+ Kf6 34.
Rf3+ Kg6 35. Qxe6+ Kh7 36. Qxa6 Qg1+ 37. Kh3 Qh1+ 38. Bh2 Bg1 39. Qd3+ Kg8 40.
Qxd5+ Kh8 41. Rf8+ Kh7 42. Qxh5# 1-0

[Event "Tribute to Mbake5"]
[Site "http://www.queenalice.com/game.php?id=429006"]
[Date "2008.7.7"]
[Round "-"]
[White "positionalgenius"]
[Black "Warrior_Brother"]
[Result "1-0"]
[WhiteElo "1779"]
[BlackElo "1910"]

1. c4 e5 2. Nc3 Nc6 3. g3 g6 4. Bg2 Bg7 5. e3 d6 6. d4 Nf6 7. Nge2 Bg4 8. O-O
O-O 9. h3 Be6 10. Bxc6 bxc6 11. dxe5 Bxh3 12. exf6 Bxf1 13. fxg7 Kxg7 14. Kxf1
Qg5 15. Qd4+ Kg8 16. e4 Qg4 17. Bh6 Qh3+ 18. Kg1 Qxh6 19. Kg2 Rfe8 20. Rh1 Qf8
21. Nf4 c5 22. Qf6 Re7 23. Nfd5 Re6 24. Qg5 Re5 25. Qh4 h5 26. f4 Ree8 27. f5
Re5 28. Qf6 c6 29. Nf4 Qg7 30. Qxd6 gxf5 31. Qxc6 Rb8 32. b3 fxe4 33. Ncd5 Rg5
34. Rh3 h4 35. Ne2 hxg3 36. Rxg3 Rxg3+ 37. Nxg3 Qb2+ 38. Kh3 Qxa2 39. Ne7+ Kf8
40. Nef5 Rd8 41. Qxe4 Re8 42. Qg4 Qb2 43. Qd1 Qe5 44. Qd5 Qxd5 45. cxd5 Rb8 46.
Ne4 Rxb3+ 47. Kg4 Rd3 48. d6 c4 49. Nc5 Rd5 50. d7 c3 51. Ne3 Rd4+ 52. Kf3 Rd2
53. Nc4 Rd1 54. Ke2 c2 55. Nd2 Ke7 56. Ndb3 c1=Q 57. Nxc1 Rxc1 58. Nd3 Rc7 59.
Ne5 f6 60. Nd3 Rxd7 61. Nc5 a5 62. Ke3 Rd5 63. Nb3 a4 64. Nd2 Rxd2 65. Kxd2 Ke6
66. Kc3 1-0

[Event "Let's Play Chess!"]
[Site "http://www.queenalice.com/game.php?id=435014"]
[Date "2008.7.18"]
[Round "-"]
[White "Warrior_Brother"]
[Black "krazyking"]
[Result "1-0"]
[WhiteElo "1863"]
[BlackElo "1769"]

1. e4 e5 2. Nf3 Nc6 3. Bc4 h6 4. c3 Bc5 5. d4 exd4 6. cxd4 Bb6 7. Qb3 Qe7 8. O-O
Na5 9. Qa4 Nxc4 10. Qxc4 c6 11. Re1 d6 12. Nc3 Bg4 13. d5 Bxf3 14. gxf3 Qc7 15.
Bf4 O-O-O 16. Rac1 Ne7 17. dxc6 Nxc6 18. Nb5 Bc5 19. Nxc7 Kxc7 20. Qxf7+ Rd7 21.
Qd5 Rhd8 22. Rxc5 Kb6 23. Qb3+ Kc7 24. Rec1 Kc8 25. Rb5 a6 26. Rxc6+ Rc7 27.
Rxc7+ 1-0

[Event "Let's Play Chess!"]
[Site "http://www.queenalice.com/game.php?id=441417"]
[Date "2008.7.30"]
[Round "-"]
[White "Warrior_Brother"]
[Black "minimindy"]
[Result "1-0"]
[WhiteElo "1914"]
[BlackElo "1781"]

1. e4 c6 2. d4 d5 3. Nc3 dxe4 4. f3 exf3 5. Nxf3 Bg4 6. Bc4 e6 7. O-O Nf6 8. Bg5
Nbd7 9. Qd3 h6 10. Bh4 Bf5 11. Qe2 Be7 12. Rae1 Qc7 13. Ne5 Nxe5 14. dxe5 Nd5
15. Bxd5 cxd5 16. Bxe7 Qxe7 17. Nxd5 Qc5+ 18. Ne3 Bg6 19. Kh1 O-O 20. Nc4 b5 21.
Nd6 Qxc2 22. Qxc2 Bxc2 23. Rc1 Bd3 24. Rf3 Be2 25. Re3 Bh5 26. Nxb5 Rfd8 27. Nd6
f6 28. Nc4 f5 29. Nd6 g5 30. Rh3 1-0

[Event "Let's Play Chess!"]
[Site "http://www.queenalice.com/game.php?id=455457"]
[Date "2008.8.30"]
[Round "-"]
[White "CampbellMarcel"]
[Black "Warrior_Brother"]
[Result "0-1"]
[WhiteElo "1844"]
[BlackElo "2015"]

1. e4 e5 2. Nf3 Nc6 3. Bb5 a6 4. Bxc6 dxc6 5. O-O Bg4 6. h3 h5 7. Qe1 Bc5 8. Nh2
Bd7 9. b4 Bxb4 10. c3 Bc5 11. Kh1 Qh4 12. Nf3 Qf6 13. d4 exd4 14. e5 Qg6 15.
cxd4 Be7 16. Nc3 O-O-O 17. a4 Bb4 18. Bb2 Ne7 19. Qe2 c5 20. Ne4 cxd4 21. Bxd4
Nd5 22. Rfc1 Nf4 23. Rxc7+ Kxc7 24. Qc4+ Kb8 25. Nfg5 Be7 26. g3 Bxg5 27. gxf4
Qxe4+ 0-1

[Event "Let's Play Chess!"]
[Site "http://www.queenalice.com/game.php?id=455647"]
[Date "2008.8.30"]
[Round "-"]
[White "Warrior_Brother"]
[Black "CampbellMarcel"]
[Result "1-0"]
[WhiteElo "1988"]
[BlackElo "1855"]

1. e4 e6 2. d4 d5 3. Nc3 dxe4 4. Nxe4 f5 5. Ng3 Bb4+ 6. c3 Ba5 7. Nf3 Nd7 8. Bg5
Ngf6 9. Bc4 Nb6 10. Bb3 Nbd5 11. Bxf6 Qxf6 12. Bxd5 exd5 13. Qa4+ 1-0

[Event "Let's Play Chess!"]
[Site "http://www.queenalice.com/game.php?id=455860"]
[Date "2008.8.30"]
[Round "-"]
[White "CampbellMarcel"]
[Black "Warrior_Brother"]
[Result "1-0"]
[WhiteElo "1831"]
[BlackElo "2036"]

1. e4 e5 2. Nf3 Nc6 3. Bc4 Bc5 4. b4 Bxb4 5. c3 Ba5 6. O-O d6 7. d4 Bg4 8. d5
Nce7 9. h3 Bh5 10. g4 Bg6 11. Re1 h5 12. g5 f6 13. gxf6 Nxf6 14. Bg5 Bxe4 15.
Bxf6 Bxb1 16. Bxe7 Qxe7 17. Rxb1 Bxc3 18. Re3 Ba5 19. Rxb7 Bb6 20. Re4 O-O 21.
Rxe5 dxe5 22. d6+ Qf7 23. Bxf7+ Rxf7 24. Qd5 Rd8 25. Ng5 1-0

[Event "Let's Play Chess!"]
[Site "http://www.queenalice.com/game.php?id=462229"]
[Date "2008.9.12"]
[Round "-"]
[White "Warrior_Brother"]
[Black "luizmortagua"]
[Result "1-0"]
[WhiteElo "1985"]
[BlackElo "1969"]

1. e4 Nf6 2. Nc3 d5 3. exd5 Nxd5 4. Bc4 Nxc3 5. dxc3 Qxd1+ 6. Kxd1 e6 7. Bf4 Bd6
8. Nh3 e5 9. Re1 O-O 10. Bxe5 Bxe5 11. Rxe5 Bxh3 12. gxh3 Nc6 13. Rb5 Rad8+ 14.
Ke2 Rfe8+ 15. Kf1 b6 16. Rf5 Re7 17. Re1 Rde8 18. Bxf7+ 1-0

[Event "Let's Play Chess!"]
[Site "http://www.queenalice.com/game.php?id=462282"]
[Date "2008.9.12"]
[Round "-"]
[White "Warrior_Brother"]
[Black "Paulo_Lima26"]
[Result "1-0"]
[WhiteElo "2015"]
[BlackElo "1864"]

1. e4 c6 2. d4 d5 3. Nc3 dxe4 4. Nxe4 Bf5 5. Ng3 Bg6 6. Nf3 Nd7 7. Bd3 Bxd3 8.
Qxd3 e6 9. O-O Ngf6 10. Bg5 h6 11. Be3 1-0

[Event "Let's Play Chess!"]
[Site "http://www.queenalice.com/game.php?id=462283"]
[Date "2008.9.12"]
[Round "-"]
[White "Paulo_Lima26"]
[Black "Warrior_Brother"]
[Result "0-1"]
[WhiteElo "1864"]
[BlackElo "2033"]

1. d4 d5 2. c4 dxc4 3. Nc3 Nc6 4. e3 e5 5. d5 Nb4 6. e4 Nf6 7. Bg5 Bd6 8. Bxc4
O-O 9. a3 Na6 10. b4 c5 0-1

[Event "grazo"]
[Site "http://www.queenalice.com/game.php?id=463132"]
[Date "2008.9.14"]
[Round "-"]
[White "akarus"]
[Black "Warrior_Brother"]
[Result "1-0"]
[WhiteElo "1839"]
[BlackElo "1934"]

1. e4 e5 2. Nf3 Nc6 3. Bb5 a6 4. Bxc6 dxc6 5. O-O Bg4 6. d3 Nf6 7. Nbd2 Bc5 8.
Qe1 O-O 9. h3 Bxf3 10. Nxf3 Nh5 11. Kh2 f5 12. b4 Bd6 13. Bb2 fxe4 14. Qxe4 Rf4
15. Qe2 Rxb4 16. Bxe5 Qe7 17. Qe1 Re8 18. Kg1 Bxe5 19. Nxe5 Qc5 20. c3 Rf4 21.
d4 Qd5 22. g3 Re4 23. Qd1 c5 24. Qxh5 g6 25. Qf3 cxd4 26. cxd4 Qxd4 27. Qf7+ 1-0

[Event "Let's Play Chess!"]
[Site "http://www.queenalice.com/game.php?id=465640"]
[Date "2008.9.21"]
[Round "-"]
[White "Warrior_Brother"]
[Black "Andre251"]
[Result "0-1"]
[WhiteElo "1886"]
[BlackElo "1758"]

1. e4 e5 2. Nf3 Nc6 3. Bc4 h6 4. O-O Qe7 5. c3 Nf6 6. d4 d6 7. Bb5 Bd7 8. Nbd2
a6 9. Bc4 b5 10. Bb3 g5 11. a4 b4 12. Re1 g4 13. Nh4 Nh5 14. Nf5 Bxf5 15. exf5
Nf4 16. Qxg4 h5 17. Qf3 Qd7 18. dxe5 dxe5 19. cxb4 Qxf5 20. Qxc6+ Ke7 21. Qxa8
Rg8 22. g3 h4 23. Ne4 Nd3 24. Re2 Qf3 25. Bd5 Qxe2 26. Qxa6 Qd1+ 27. Kg2 h3+ 28.
Kxh3 Qf1+ 29. Kh4 Rh8+ 30. Kg4 Rg8+ 31. Kf3 Ne1+ 32. Ke3 Qxa6 33. b5 Qb6+ 34.
Ke2 Nc2 0-1

[Event "Let's Play Chess!"]
[Site "http://www.queenalice.com/game.php?id=466194"]
[Date "2008.9.21"]
[Round "-"]
[White "Aylton"]
[Black "Warrior_Brother"]
[Result "1/2-1/2"]
[WhiteElo "1884"]
[BlackElo "2048"]

1. e4 e5 2. Nf3 Nc6 3. Nc3 Nf6 4. Bb5 Nd4 5. Ba4 Nxf3+ 6. Qxf3 Bc5 7. d3 O-O 8.
Bg5 Be7 9. O-O-O d6 10. h3 c6 11. Bb3 Be6 12. g4 d5 13. Bxf6 Bxf6 14. exd5 cxd5
15. Bxd5 Qb6 16. Bb3 Rac8 17. h4 Bxb3 18. axb3 Rc6 19. g5 Be7 20. Qe2 f6 21.
gxf6 Bxf6 22. Qe3 Qa5 23. Kd2 Rd8 24. Ra1 Qb6 25. Qxb6 Rxb6 26. Rxa7 e4 27. Nxe4
Bxb2 28. Rh3 Bd4 29. Ra4 Re6 30. Rf3 Bb6 31. Rf5 g6 32. Rb5 Rf8 33. Rab4 Bxf2
34. Rxb7 Bxh4 35. Rd7 Re7 36. Rbb7 Rfe8 37. Rxe7 Rxe7 38. Rxe7 Bxe7 39. Ke3 h5
40. c4 Kf7 41. c5 h4 42. b4 Ke6 43. b5 Kd5 44. d4 h3 45. b6 Bd8 46. Ng3 h2 47.
Kd3 Bh4 48. Nh1 Bd8 49. Ke3 g5 50. Nf2 g4 51. Nh1 Bg5+ 52. Kd3 Bf4 53. Ke2 g3
54. Kf1 Be3 55. Nxg3 Bxd4 56. b7 Be5 1/2-1/2

[Event "Let's Play Chess!"]
[Site "http://www.queenalice.com/game.php?id=466865"]
[Date "2008.9.22"]
[Round "-"]
[White "Warrior_Brother"]
[Black "betoanjos"]
[Result "0-1"]
[WhiteElo "2038"]
[BlackElo "1877"]

1. e4 c6 2. d4 d5 3. Nc3 dxe4 4. Nxe4 Bf5 5. Ng3 Bg6 6. h4 h6 7. f4 e6 8. Nf3
Nd7 9. Bd3 Bxd3 10. Qxd3 Qc7 11. Bd2 Bd6 12. Ne5 Ngf6 13. O-O-O O-O 14. Rh3 c5
15. f5 Rfe8 16. fxe6 Rxe6 17. Nf5 Bxe5 18. dxe5 Nxe5 19. Qg3 Nh5 20. Qc3 Rf6 21.
Ng3 Nxg3 22. Rxg3 Rg6 23. Bf4 Nd3+ 24. Rdxd3 Qxf4+ 25. Kd1 Qf1+ 26. Kd2 Qf2+ 27.
Kc1 Rxg3 28. Rxg3 Qf1+ 29. Kd2 Rd8+ 30. Ke3 Re8+ 31. Kd2 Re2+ 32. Kd3 Qd1+ 33.
Kc4 Rxc2 34. Rxg7+ Kf8 35. Rh7 Qd4+ 36. Kb5 Rxc3 37. bxc3 Qxc3 38. Rxh6 Qb4# 0-1

[Event "Let's Play Chess!"]
[Site "http://www.queenalice.com/game.php?id=468917"]
[Date "2008.9.26"]
[Round "-"]
[White "Warrior_Brother"]
[Black "Rosberg"]
[Result "0-1"]
[WhiteElo "2005"]
[BlackElo "1868"]

1. e4 c5 2. Nf3 d6 3. d4 cxd4 4. Nxd4 Nf6 5. Nc3 a6 6. f4 Qc7 7. Bd3 g6 8. O-O
Bg7 9. Nf3 Nbd7 10. a4 O-O 11. Qe1 Nc5 12. Bc4 Ncxe4 13. Bxf7+ Rxf7 14. Nxe4
Nxe4 15. Qxe4 Bf5 16. Qd5 e6 17. Qb3 Qxc2 18. Qxc2 Bxc2 19. Rf2 Bb3 20. Ra3 Rc8
21. Bd2 Bd5 22. Ng5 Bxb2 23. Nxf7 Bxa3 24. Ng5 Bc5 0-1

[Event "Let's Play Chess!"]
[Site "http://www.queenalice.com/game.php?id=469126"]
[Date "2008.9.30"]
[Round "-"]
[White "Warrior_Brother"]
[Black "betoanjos"]
[Result "0-1"]
[WhiteElo "1975"]
[BlackElo "1873"]

1. e4 e6 2. d4 d5 3. Nc3 Nf6 4. Bg5 Be7 5. e5 Nfd7 6. Bxe7 Qxe7 7. f4 f5 8. exf6
Qxf6 9. Qg4 O-O 10. Nf3 Nc6 11. Nb5 Nb4 12. Nxc7 Rb8 13. Nxe6 Nb6 14. f5 Bxe6
15. fxe6 Nxc2+ 16. Kd2 Nxa1 17. Bb5 a6 0-1

[Event "Let's Play Chess!"]
[Site "http://www.queenalice.com/game.php?id=470549"]
[Date "2008.9.30"]
[Round "-"]
[White "Aylton"]
[Black "Warrior_Brother"]
[Result "1-0"]
[WhiteElo "2049"]
[BlackElo "1949"]

1. d4 d5 2. Nf3 Nc6 3. e3 Bg4 4. h3 Bh5 5. Be2 Nf6 6. O-O Ne4 7. a3 e6 8. Nbd2
Nf6 9. c4 Bd6 10. c5 Be7 11. b4 O-O 12. Bb2 Bg6 13. Qb3 b6 14. cxb6 axb6 15.
Rfc1 Qd6 16. Qc3 Na7 17. Qxc7 Rfc8 18. Qxd6 Bxd6 19. Nh4 Be4 20. Nxe4 Nxe4 21.
Nf3 Nc6 22. Rc2 Ne7 23. Rac1 Rxc2 24. Rxc2 Rc8 25. Rxc8+ Nxc8 26. Bd3 f5 27.
Bxe4 fxe4 28. Ng5 1-0